Evening by evening / (Record no. 4596)

MARC details
000 -LEADER
fixed length control field 00789nam a2200253 a 4500
001 - CONTROL NUMBER
control field 993991
003 - CONTROL NUMBER IDENTIFIER
control field GBCCL
005 - DATE AND TIME OF LATEST TRANSACTION
control field 20241126110522.0
008 - FIXED-LENGTH DATA ELEMENTS--GENERAL INFORMATION
fixed length control field 860324s1984 nju 000 0 eng
010 ## -
-- 86136105
020 ## - INTERNATIONAL STANDARD BOOK NUMBER
International Standard Book Number 0800785924 (pbk.) :
Terms of availability $3.95
040 ## - CATALOGING SOURCE
Original cataloging agency DLC
Transcribing agency DLC
Modifying agency DLC
050 00 -
-- BV4811
-- .S665 1984
082 00 - DEWEY DECIMAL CLASSIFICATION NUMBER
Classification number 242.2
Edition information 19
Item number SPU
100 1# - MAIN ENTRY--PERSONAL NAME
Personal name Spurgeon, C. H.
Fuller form of name (Charles Haddon),
Dates associated with a name 1834-1892.
9 (RLIN) 222
245 10 - TITLE STATEMENT
Title Evening by evening /
Statement of responsibility, etc. C.H. Spurgeon ; [edited by Diana L. Matisko].
260 ## - PUBLICATION, DISTRIBUTION, ETC.
Place of publication, distribution, etc. Old Tappan, N.J. :
Name of publisher, distributor, etc. F.H. Revell Co.,
Date of publication, distribution, etc. c1984.
300 ## - PHYSICAL DESCRIPTION
Extent 368 p. ;
Dimensions 18 cm.
490 0# - SERIES STATEMENT
Series statement Spire books
650 #0 - SUBJECT ADDED ENTRY--TOPICAL TERM
Topical term or geographic name entry element Devotional calendars
General subdivision Baptists.
9 (RLIN) 4934
700 1# - ADDED ENTRY--PERSONAL NAME
Personal name Matisko, Diana L.
9 (RLIN) 6602
906 ## - LOCAL DATA ELEMENT F, LDF (RLIN)
a 7
b cbc
c orignew
d 3
e ncip
f 19
g y-gencatlg
942 ## - ADDED ENTRY ELEMENTS (KOHA)
Source of classification or shelving scheme Dewey Decimal Classification
Koha item type Books
Holdings
Withdrawn status Lost status Source of classification or shelving scheme Damaged status Not for loan Home library Current Library Shelving location Date acquired Total checkouts Full call number Barcode Date last seen Copy number Price effective from Koha item type
    Dewey Decimal Classification     GRACE BIBLE COLLEGE GRACE BIBLE COLLEGE Ministry & Mission 2018-01-25   242.2 SPU 004452 2025-05-01 c.1 2018-01-25 Books
© Grace Bible College Library 2025